| 000 | 00336nam a2200121Ia 4500 | ||
|---|---|---|---|
| 005 | 20260326100038.0 | ||
| 008 | 260326s9999||||xx |||||||||||||| ||und|| | ||
| 100 | _aCrsitofani, Mauro | ||
| 245 | 0 |
_aGli etruschi : _b Cultura e societá / _cMauro Crsitofani |
|
| 260 | _bInstituto Geográfico Agustín Codazzi | ||
| 650 | _aARTE | ||
| 942 | _cBK | ||
| 999 |
_c6913 _d6913 |
||